000 00817nac a22002890a 4500
001 PT14042
003 AR-LpoUNG
005 20210201005012.0
008 201001s2002||||ag |||||||||||||||||spa d
020 _a950852149X (O.C.)
_c$12.66
020 _a9508521511 (T. 2)
_c$12.66
040 _aAR-LpoUNG
_bspa
_eaacr
041 _aspa
044 _aag
082 0 _aR403 545v2
245 1 0 _aDiccionario de la lengua española
250 _a22ª edición
260 _aBuenos Aires :
_bEspasa Calpe,
_cnoviembre de 2002.
300 _axi, [1188] p. :
_bFots.
_a(2
_fVolúmenes)
_3Impreso
490 0 _aDiccionario de la lengua española
650 4 _aLEXICOGRAFIA
650 4 _aMATERIAL DE REFERENCIA
650 4 _aTERMINOLOGIA
710 2 _aAcademia Española (Madrid)
905 _a14042
942 _cLSALA
999 _c48140
_d48140